000 00614nam a22002177a 4500
003 OSt
005 20140310182754.0
008 130204t xxu||||| |||| 00| 0 eng d
020 _a9789814296748
050 _aGF 41
_b.M647 2011
082 _aM 363.7
_bM647 2011
245 _aIntroduction to environmental science.
_cMiller, G. Tyler Jr., Spoolman, Scott E.
250 _a2nd ed.
260 _aSingapore :
_bCengage Learning Asia Pte. Ltd.,
_cc2011.
300 _a746 p.
_c23 cm
_bill. ;
521 _aCollege Students
526 _c1210L-1700L
541 _j2
562 _e2
942 _2lcc
_cBK
_kM
999 _c15823
_d15823